[Event "Remote S7E Starter-58 email"]
[Site "Remote email"]
[Date "2014.08.12"]
[Round "?"]
[White "Nackas, Hans Juergen"]
[Black "Roos, Bernhard"]
[Result "1-0"]
[WhiteElo "2093"]
[BlackElo "2020"]
[PlyCount "87"]
[EventDate "2014.??.??"]
[EventType "tourn (corr)"]
[EventRounds "6"]
[EventCountry "GER"]
[SourceTitle "Corr 2015"]
[Source "ChessBase"]
[SourceDate "2015.07.17"]
[SourceVersion "1"]
[SourceVersionDate "2015.07.17"]
[SourceQuality "1"]

1. d4 Nf6 2. Bg5 e6 3. Nd2 Be7 4. e4 d5 5. e5 Nfd7 6. Bxe7 Qxe7 7. c3 c5 8. Ngf3 Nc6 9. Bb5 a6 10. Qa4 Na7 11. Bd3 c4 12. Be2 b5 13. Qa5 Rb8 14. a3 Rb6 15. Qb4 Qd8 16. a4 bxa4 17. Qa3 Bb7 18. 0-0 Bc6 19. Qa2 Qb8 20. Rab1 Nb5 21. Qa1 0-0 22. Rfe1 Qb7 23. Bd1 Rb8 24. Bxa4 Na7 25. b4 cxb3 26. Bxb3 Bb5 27. Rbc1 Rc8 28. c4 dxc4 29. Nxc4 Bxc4 30. Bxc4 Nb5 31. Bd3 h6 32. Qa5 Nc7 33. Qc3 Rb3 34. Bxa6 Qb6 35. Qc4 Rb4 36. Qxb4 Qxb4 37. Bxc8 Nb5 38. Bxd7 Nxd4 39. Nxd4 Qxd4 40. Rc8+ Kh7 41. Be8 Qb4 42. Rec1 Qe4 43. Bxf7 Qxe5 44. R8c6 1-0

[Event "Remote Random-184 email"]
[Site "Remote email"]
[Date "2014.08.10"]
[Round "?"]
[White "Nackas, Hans Juergen"]
[Black "Biskopp, Wolf Ulrich"]
[Result "0-1"]
[WhiteElo "2093"]
[BlackElo "2564"]
[PlyCount "84"]
[EventDate "2014.??.??"]
[EventType "tourn (corr)"]
[EventRounds "6"]
[EventCountry "GER"]
[SourceTitle "Corr 2015"]
[Source "ChessBase"]
[SourceDate "2015.07.17"]
[SourceVersion "1"]
[SourceVersionDate "2015.07.17"]
[SourceQuality "1"]

1. e4 c5 2. Nf3 d6 3. d4 cxd4 4. Nxd4 Nf6 5. Nc3 a6 6. Be3 e5 7. Nb3 Be6 8. f3 Be7 9. Qd2 0-0 10. 0-0-0 Nbd7 11. g4 b5 12. g5 Nh5 13. Nd5 Bxd5 14. exd5 f5 15. gxf6 Bxf6 16. Rg1 Nb6 17. Na5 Qc7 18. Nc6 Nf4 19. Bxf4 exf4 20. c3 b4 21. Nxb4 Na4 22. Nxa6 Qb6 23. Rg2 Rfc8 24. Qxf4 Nxc3 25. bxc3 Rxc3+ 26. Kd2 Re8 27. Nb4 Rxf3 28. Qc4 Qe3+ 29. Kc2 Rf4 30. Rd4 Rxd4 31. Qe2 Rxb4 32. Qxe3 Rxe3 33. Rg3 Rb2+ 34. Kd1 Rxg3 35. hxg3 Rxa2 36. g4 Bg5 37. Be2 Rd2+ 38. Ke1 Rxd5 39. Bc4 Kf7 40. Bxd5+ Kf6 41. Kf2 Ke5 42. Bg8 Kf4 0-1

[Event "Remote S7E-165 email"]
[Site "Remote email"]
[Date "2014.04.07"]
[Round "?"]
[White "Nackas, Hans Juergen"]
[Black "Gottwald, Bernhard"]
[Result "1-0"]
[WhiteElo "2053"]
[BlackElo "1795"]
[PlyCount "47"]
[EventDate "2014.??.??"]
[EventType "tourn (corr)"]
[EventRounds "6"]
[EventCountry "GER"]
[SourceTitle "Corr 2015"]
[Source "ChessBase"]
[SourceDate "2015.07.17"]
[SourceVersion "1"]
[SourceVersionDate "2015.07.17"]
[SourceQuality "1"]

1. d4 Nf6 2. c4 e6 3. Nf3 c5 4. d5 d6 5. Nc3 g6 6. e4 Bg7 7. Bd3 e5 8. 0-0 0-0 9. Bc2 Bg4 10. Re1 Nh5 11. h3 Bd7 12. Rb1 Nf4 13. Bxf4 exf4 14. Qd2 g5 15. e5 dxe5 16. Nxe5 Bxe5 17. Rxe5 Qf6 18. Qd3 Qh6 19. Ne4 f6 20. Re7 Rf7 21. Rxf7 Kxf7 22. Nxc5 b6 23. d6 Bc6 24. Re1 1-0